| 000 | 01299nam a22002657a 4500 | ||
|---|---|---|---|
| 005 | 20170124103131.0 | ||
| 010 | _aB-286989 | ||
| 020 |
_c500.00 _a9788186304754 |
||
| 035 | _aB-286989 | ||
| 037 | _bCen Lib/Ret | ||
| 040 |
_aDPL _bHN |
||
| 082 |
_a302.234 _bमिश्रस्मि |
||
| 100 |
_aमिश्र, स्मिता _984225 |
||
| 245 |
_aइलेक्ट्रॉनिक मीडिया बदलते आयाम / _cस्मिता मिश्र [और] अमरनाथ |
||
| 246 |
_aElectronic media badalte aayam / _bby Smita Mishra [aur] Amarnath |
||
| 260 |
_aदिल्ली _bभारत पुस्तक भण्डार _c2008 |
||
| 270 |
_aई-1/265 ए, सोनिया विहार _bदिल्ली _e110094 |
||
| 300 |
_a236पृ. : _c22सेमी(सजिल्द) _bसचित्र |
||
| 650 |
_aरेडियो एवं टीवी समाचार _984226 |
||
| 650 |
_aजनसंचार माध्यम -- नीतियां एवं समितियाँ _984227 |
||
| 650 |
_aRadio & TV News _984228 |
||
| 650 |
_aMass Media - Policies and Committees _984229 |
||
| 700 |
_aअमरनाथ _9500 |
||
| 942 |
_2ddc _cHN _h302.234 _mमिश्रस्मि |
||
| 999 |
_c119294 _d119294 |
||